|
|
|
|
| LEADER |
00788nta a2200193 i 4500 |
| 001 |
dipl141337 |
| 005 |
20250115103100.0 |
| 008 |
240607s2023 hu om 000 hun d |
| 040 |
|
|
|a SZTE Diploma Repozitórium
|b hun
|
| 041 |
|
|
|a hun
|
| 100 |
1 |
|
|a Makai Ádám
|
| 245 |
1 |
0 |
|a Selyemkóró detektálási módszerek továbbfejlesztése YOLO keretrendszer használatával
|h [elektronikus dokumentum] /
|c Ádám Makai
|
| 246 |
1 |
0 |
|a Improving Common Milkweed Detection Methods Within the YOLO Framework
|h [elektronikus dokumentum]
|
| 260 |
|
|
|c 2023
|
| 650 |
|
4 |
|a Természettudományok
|
| 650 |
|
4 |
|a Natural sciences
|
| 650 |
|
4 |
|a Computer and information sciences
|
| 700 |
0 |
1 |
|a Balázs Péter Attila
|e ths
|
| 856 |
4 |
0 |
|u https://diploma.bibl.u-szeged.hu/id/eprint/141337/1/2023_makai_adam.pdf
|z Dokumentum-elérés
|